Sports Quiz

Random Sports or Basketball Quiz

All-NBA Team Players (1990s) Quiz Stats

 Plays Quiz Updated Jun 19, 2018

Challenge
Share
Tweet
Embed
Score 0/150 Timer 08:00
3 Plays Today
Year and Team Player Name % Correct
1990-91 1st Team All NBAMichael Jordan
99.3%
1991-92 1st Team All NBAMichael Jordan
99.3%
1992-93 1st Team All NBAMichael Jordan
99.3%
1995-96 1st Team All NBAMichael Jordan
99.3%
1996-97 1st Team All NBAMichael Jordan
99.3%
1997-98 1st Team All NBAMichael Jordan
99.3%
1990-91 1st Team All NBAKarl Malone
96.9%
1991-92 1st Team All NBAKarl Malone
96.9%
1992-93 1st Team All NBAKarl Malone
96.9%
1993-94 1st Team All NBAKarl Malone
96.9%
1994-95 1st Team All NBAKarl Malone
96.9%
1995-96 1st Team All NBAKarl Malone
96.9%
1996-97 1st Team All NBAKarl Malone
96.9%
1997-98 1st Team All NBAKarl Malone
96.9%
1998-99 1st Team All NBAKarl Malone
96.9%
1999-00 2nd Team All NBAKarl Malone
96.9%
1993-94 3rd Team All NBAShaquille O'Neal
96.1%
1994-95 2nd Team All NBAShaquille O'Neal
96.1%
1995-96 3rd Team All NBAShaquille O'Neal
96.1%
1996-97 3rd Team All NBAShaquille O'Neal
96.1%
1997-98 1st Team All NBAShaquille O'Neal
96.1%
1998-99 2nd Team All NBAShaquille O'Neal
96.1%
1999-00 1st Team All NBAShaquille O'Neal
96.1%
1991-92 2nd Team All NBAScottie Pippen
95.4%
1992-93 3rd Team All NBAScottie Pippen
95.4%
1993-94 1st Team All NBAScottie Pippen
95.4%
1994-95 1st Team All NBAScottie Pippen
95.4%
1995-96 1st Team All NBAScottie Pippen
95.4%
1996-97 2nd Team All NBAScottie Pippen
95.4%
1997-98 3rd Team All NBAScottie Pippen
95.4%
1990-91 1st Team All NBAMagic Johnson
95.3%
1990-91 3rd Team All NBAJohn Stockton
94.6%
1991-92 2nd Team All NBAJohn Stockton
94.6%
1992-93 2nd Team All NBAJohn Stockton
94.6%
1993-94 1st Team All NBAJohn Stockton
94.6%
1994-95 1st Team All NBAJohn Stockton
94.6%
1995-96 2nd Team All NBAJohn Stockton
94.6%
1996-97 3rd Team All NBAJohn Stockton
94.6%
1998-99 3rd Team All NBAJohn Stockton
94.6%
1990-91 1st Team All NBADavid Robinson
94.2%
1991-92 1st Team All NBADavid Robinson
94.2%
1992-93 3rd Team All NBADavid Robinson
94.2%
1993-94 2nd Team All NBADavid Robinson
94.2%
1994-95 1st Team All NBADavid Robinson
94.2%
1995-96 1st Team All NBADavid Robinson
94.2%
1997-98 2nd Team All NBADavid Robinson
94.2%
1999-00 3rd Team All NBADavid Robinson
94.2%
1992-93 2nd Team All NBALarry Johnson
94.1%
1990-91 2nd Team All NBAKevin Johnson
94.1%
1991-92 3rd Team All NBAKevin Johnson
94.1%
Year and Team Player Name % Correct
1993-94 2nd Team All NBAKevin Johnson
94.1%
1997-98 1st Team All NBATim Duncan
92.3%
1998-99 1st Team All NBATim Duncan
92.3%
1999-00 1st Team All NBATim Duncan
92.3%
1990-91 2nd Team All NBAPatrick Ewing
90.5%
1991-92 2nd Team All NBAPatrick Ewing
90.5%
1992-93 2nd Team All NBAPatrick Ewing
90.5%
1996-97 2nd Team All NBAPatrick Ewing
90.5%
1998-99 3rd Team All NBAKobe Bryant
89.8%
1999-00 2nd Team All NBAKobe Bryant
89.8%
1998-99 1st Team All NBAAllen Iverson
89%
1999-00 2nd Team All NBAAllen Iverson
89%
1990-91 1st Team All NBACharles Barkley
87.8%
1991-92 2nd Team All NBACharles Barkley
87.8%
1992-93 1st Team All NBACharles Barkley
87.8%
1993-94 2nd Team All NBACharles Barkley
87.8%
1994-95 2nd Team All NBACharles Barkley
87.8%
1995-96 3rd Team All NBACharles Barkley
87.8%
1990-91 3rd Team All NBAHakeem Olajuwon
87.5%
1992-93 1st Team All NBAHakeem Olajuwon
87.5%
1993-94 1st Team All NBAHakeem Olajuwon
87.5%
1994-95 3rd Team All NBAHakeem Olajuwon
87.5%
1995-96 2nd Team All NBAHakeem Olajuwon
87.5%
1996-97 1st Team All NBAHakeem Olajuwon
87.5%
1998-99 3rd Team All NBAHakeem Olajuwon
87.5%
1998-99 3rd Team All NBAKevin Garnett
86.5%
1999-00 1st Team All NBAKevin Garnett
86.5%
1993-94 3rd Team All NBAGary Payton
83.7%
1994-95 2nd Team All NBAGary Payton
83.7%
1995-96 2nd Team All NBAGary Payton
83.7%
1996-97 2nd Team All NBAGary Payton
83.7%
1997-98 1st Team All NBAGary Payton
83.7%
1998-99 2nd Team All NBAGary Payton
83.7%
1999-00 1st Team All NBAGary Payton
83.7%
1995-96 1st Team All NBAAnfernee 'Penny' Hardaway
82.5%
1996-97 3rd Team All NBAAnfernee 'Penny' Hardaway
82.5%
1991-92 2nd Team All NBATim Hardaway
82.3%
1992-93 3rd Team All NBATim Hardaway
82.3%
1996-97 1st Team All NBATim Hardaway
82.3%
1997-98 2nd Team All NBATim Hardaway
82.3%
1998-99 2nd Team All NBATim Hardaway
82.3%
1994-95 1st Team All NBAAnfernee 'Penny' Hardaway
81.8%
1990-91 2nd Team All NBAClyde Drexler
80.8%
1991-92 1st Team All NBAClyde Drexler
80.8%
1994-95 3rd Team All NBAClyde Drexler
80.8%
1994-95 3rd Team All NBAReggie Miller
79%
1995-96 3rd Team All NBAReggie Miller
79%
1997-98 3rd Team All NBAReggie Miller
79%
1990-91 2nd Team All NBADominique Wilkins
78.8%
1992-93 2nd Team All NBADominique Wilkins
78.8%
Year and Team Player Name % Correct
1993-94 3rd Team All NBADominique Wilkins
78.8%
1993-94 2nd Team All NBAShawn Kemp
78.8%
1994-95 2nd Team All NBAShawn Kemp
78.8%
1995-96 2nd Team All NBAShawn Kemp
78.8%
1998-99 1st Team All NBAJason Kidd
78.2%
1999-00 1st Team All NBAJason Kidd
78.2%
1998-99 2nd Team All NBAChris Webber
76.7%
1999-00 3rd Team All NBAChris Webber
76.6%
1999-00 3rd Team All NBAVince Carter
76.2%
1998-99 1st Team All NBAAlonzo Mourning
75.7%
1999-00 2nd Team All NBAAlonzo Mourning
75.7%
1991-92 3rd Team All NBADennis Rodman
69.5%
1994-95 3rd Team All NBADennis Rodman
69.5%
1990-91 2nd Team All NBAChris Mullin
68.8%
1991-92 1st Team All NBAChris Mullin
68.8%
1990-91 3rd Team All NBAJoe Dumars
68%
1992-93 2nd Team All NBAJoe Dumars
68%
1990-91 3rd Team All NBAJames Worthy
65%
1995-96 2nd Team All NBAGrant Hill
59.3%
1996-97 1st Team All NBAGrant Hill
59.3%
1997-98 2nd Team All NBAGrant Hill
59.3%
1998-99 2nd Team All NBAGrant Hill
59.3%
1999-00 2nd Team All NBAGrant Hill
59.3%
1991-92 3rd Team All NBAMark Price
56.3%
1992-93 1st Team All NBAMark Price
56.3%
1993-94 3rd Team All NBAMark Price
56.3%
1993-94 2nd Team All NBAMitch Richmond
50.8%
1994-95 2nd Team All NBAMitch Richmond
50.8%
1995-96 3rd Team All NBAMitch Richmond
50.8%
1996-97 2nd Team All NBAMitch Richmond
50.8%
1997-98 3rd Team All NBAMitch Richmond
50.8%
1997-98 3rd Team All NBADikembe Mutombo
45.7%
1996-97 2nd Team All NBAGlen Rice
38.3%
1997-98 3rd Team All NBAGlen Rice
38.3%
1991-92 3rd Team All NBABrad Daugherty
37.2%
1994-95 3rd Team All NBADetlef Schrempf
35.9%
1992-93 3rd Team All NBADerrick Coleman
33.5%
1993-94 3rd Team All NBADerrick Coleman
33.5%
1993-94 1st Team All NBALatrell Sprewell
32.9%
1999-00 3rd Team All NBAStephon Marbury
30.5%
1995-96 3rd Team All NBAJuwan Howard
29.9%
1999-00 3rd Team All NBAEddie Jones
28.9%
1990-91 3rd Team All NBABernard King
27.7%
1992-93 3rd Team All NBADrazen Petrovic
26.9%
1991-92 3rd Team All NBAKevin Willis
22.6%
1996-97 3rd Team All NBAVin Baker
22.2%
1997-98 2nd Team All NBAVin Baker
22.2%
1998-99 3rd Team All NBAAntonio McDyess
19.2%
1997-98 2nd Team All NBARod Strickland
15.2%
1996-97 3rd Team All NBAAnthony Mason
13.4%

You're not logged in!

Compare scores with friends on all Sporcle quizzes.
OR
Log In

You Might Also Like...

Show Comments

Extras

Top Quizzes Today


Score Distribution

Your Account Isn't Verified!

In order to create a playlist on Sporcle, you need to verify the email address you used during registration. Go to your Sporcle Settings to finish the process.

Report this User

Report this user for behavior that violates our Community Guidelines.

Details: